| 000 | 00464nam a22001577a 4500 | ||
|---|---|---|---|
| 003 | OSt | ||
| 005 | 20240419154456.0 | ||
| 008 | 240419b |||||||| |||| 00| 0 eng d | ||
| 040 | _cMRSPTU | ||
| 100 | _aIndu Jain (इन्दु जैन) | ||
| 245 | _aHawa Ki Mohtaj Kyo Rahu (हवा की मोहताज क्यों राहू) | ||
| 250 | _a2nd | ||
| 260 |
_aNew Delhi _bHyper Classes Publications _c2009 |
||
| 300 | _a263 | ||
| 942 |
_2ddc _cBK _n0 |
||
| 999 |
_c10122 _d10122 |
||